000 00719nam a2200289Ia 4500
005 20260324114230.0
008 008 260324s9999 xx 000 0 eng d
020 _a9781003100393
037 _aEBOOK
040 _aCRL
040 _beng
040 _cCRL
041 _2eng
041 _aeng
084 _qCRL
100 _aMuriel Blaive; Martin D. Brown; Ronald J. Granieri
_91149957
245 4 _aThe Bondian Cold War
245 4 _bThe Transnational Legacy of a Cultural Icon
260 _bTaylor and Francis
260 _c2023
365 _a
365 _b230
856 _uhttp://www.taylorfrancis.com/books/9781003100393
942 _cEBOOK
999 _c1740015
_d1740015